<?xml version="1.0" encoding="UTF-8"?>
<collection xmlns="http://www.loc.gov/MARC21/slim">
  <record>
    <leader>00000nam  2200000   4500</leader>
    <controlfield tag="001">INLIS000000000006169</controlfield>
    <controlfield tag="005">20191118021327</controlfield>
    <datafield tag="035" ind1="#" ind2="#">
      <subfield code="a">0010-1119000128</subfield>
    </datafield>
    <controlfield tag="007">ta</controlfield>
    <controlfield tag="008">191118################g##########0#ind##</controlfield>
    <datafield tag="020" ind1="#" ind2="#">
      <subfield code="a">9798015681</subfield>
    </datafield>
    <datafield tag="082" ind1="#" ind2="#">
      <subfield code="a">301.09</subfield>
    </datafield>
    <datafield tag="084" ind1="#" ind2="#">
      <subfield code="a">301.09 Bel t</subfield>
    </datafield>
    <datafield tag="100" ind1=" " ind2="#">
      <subfield code="a">Bellamy, Richard</subfield>
    </datafield>
    <datafield tag="245" ind1="1" ind2="#">
      <subfield code="a">Teori Sosial Modern Perspektif Itali /</subfield>
      <subfield code="c">Richard Bellamy</subfield>
    </datafield>
    <datafield tag="260" ind1="#" ind2="#">
      <subfield code="a">Jakarta :</subfield>
      <subfield code="b">LP3ES,</subfield>
      <subfield code="c">1990</subfield>
    </datafield>
    <datafield tag="300" ind1="#" ind2="#">
      <subfield code="a">xv, 249 hlm. :</subfield>
      <subfield code="b">ilus ;</subfield>
      <subfield code="c">22 cm</subfield>
    </datafield>
    <datafield tag="650" ind1="#" ind2="#">
      <subfield code="a">sosiologi</subfield>
    </datafield>
    <datafield tag="505" ind1="#" ind2="#">
      <subfield code="a">Teori sosial Itali modern mempunyai tradisi panjang yang bisa dilacak konteksnya di dalam spektrum politik antara fasisme hingga sosialisme demokratis. Salah satu arti penting buku ini adalah memberikan gambaran pengantar yang sistematis mengenai perkembangan teori sosial dan politik Itali modern, dengan perhatian khusus untuk menghubungkan tradisi-tradisi utama pemikiran Itali dengan sejarah negeri itu sejak tercapainya unifikasi pada pertengahan abad ke-19. Dengan mengkaji pemikiran enam tokoh utamanya mulai dari Vilfredo Pareto hingga Antonio Gramsci, Richard Bellamy meletakkan masing-masing teori mereka itu di dalam konteks intelektual dan sosialnya yang empiris, terhadap mana teori-teori tersebut ditujukan. Bellamy juga membahas perdebatan mutakhir yang masih kberkembang di lingkungan intelektual Itali modern dewasa ini mengenai keabsahan arah perjalanan negeri itu menuju sosialisme, serta kesesuaiannya dengan nilai-nilai dan lembaga-lembaga liberal demokrasi Barat. Tak berlebihan jika dikatakan bahwa inilah buku pertama yang memberikan kajian komprehensif mengenai trasdisi pemikiran sosial dan politik yang begitu kaya itu, sebagaimana tergambar dalam sejarah intelektual Itali modern.</subfield>
    </datafield>
    <datafield tag="856" ind1="#" ind2="#">
      <subfield code="a">Perpustakaan Lembaga Administrasi Negara</subfield>
    </datafield>
    <datafield tag="990" ind1="#" ind2="#">
      <subfield code="a">23050</subfield>
    </datafield>
    <datafield tag="990" ind1="#" ind2="#">
      <subfield code="a">24555</subfield>
    </datafield>
    <datafield tag="990" ind1="#" ind2="#">
      <subfield code="a">25961</subfield>
    </datafield>
  </record>
</collection>
